Normal view MARC view

Entry Personal Name

Number of records used in: 5

001 - CONTROL NUMBER

  • control field: 756790

003 - CONTROL NUMBER IDENTIFIER

  • control field: OSt

005 - DATE AND TIME OF LATEST TRANSACTION

  • control field: 20250508150502.0

008 - FIXED-LENGTH DATA ELEMENTS

  • fixed length control field: 250508|| aca||aabn | a|a d

040 ## - CATALOGING SOURCE

  • Original cataloging agency: OSt
  • Transcribing agency: OSt

100 ## - HEADING--PERSONAL NAME

  • Personal name: Cassidy Rosalind

670 ## - SOURCE DATA FOUND

  • Source citation: Work cat.: (OSt)1323866: Cassidy Rosalind, New directions in physical education for the adolescent girl in high school and college : A guide for teachers in cooperative curriculum revision, 1938
Copyright @ Delhi University Library System